00454cam a22001457a 4500008004000000020001500040082001700055100002300072245010400095260004000199300001000239650002500249700001800274700001600292180718b2000 xxu||||| |||| 00| 0 eng d a0750645490 aI5 W726/2001 aWinfield, Peter W. aCore management for HR students and practitionerscby Peter W.Winfield, Ray Bishop and Keith Porter aOxfordbButterworth Heinemannc2000 a534p. aPersonnel management aPorter, Keith aBishop, Ray